Statistics for Top 50 Most Followed TikTok Accounts

Click here to take the quiz!

General Stats

  • This quiz has been taken 41 times
  • The average score is 7 of 50

Answer Stats

PositionAnswer% Correct
1Charli D'Amelio
88%
4Addison Rae
79%
9Dixie D'Amelio
75%
3Bella Poarch
46%
43MrBeast
33%
44noah beck
33%
5Zach King
29%
25avani
25%
27Kylie Jenner
21%
12Loren Gray
21%
7TikTok
21%
20Brent Rivera
17%
40Chase Hudson
17%
2Khabane Lame
17%
28Selena Gomez
17%
6Will Smith
17%
35BabyAriel
13%
10Spencer X
13%
33James Charles
8%
14Jason Derulo
8%
49Mia Khalifa
8%
15The Rock
8%
39Anokhina Liza
4%
30Billie EIlish
4%
17BTS
4%
34Carlos Feria
4%
11cznburak
4%
16Dominik
4%
36GIL CROES
4%
50Gordon Ramsay
4%
24Joe
4%
23JoJo Siwa
4%
22Junya
4%
8Kimberly Loaiza
4%
21Kris HC
4%
46kyle thomas
4%
13Michael Le
4%
18Riyaz
4%
26ROD
4%
31Scott
4%
45Stokes Twins
4%
29WonJeong
4%
32XOMRK
4%
19YZ
4%
41Faisal shaikh
0%
38Kirya Kolesnikov
0%
37Lucas and Marcus
0%
47Montpantoja
0%
42tuzelity
0%
48wigofellas
0%

Score Distribution

Percentile by Number Answered

Percent of People with Each Score

Your Score History

You have not taken this quiz